Score 0/15 Timer 07:00
1 Play Today
% Correct
Lennon
75.8%
Zuckerberg
69.9%
King
68.7%
Frank
68.6%
Mandela
63.9%
Luther
55.5%
Jobs
54.1%
Amundsen
48.2%
% Correct
Nobel
42.6%
Joan
38.1%
Adams
37.3%
Catherine
37.1%
Bannister
30.1%
Aquino
29.8%
Shelley
28.6%
Remove Ads.
Support Sporcle.
Get the best of Sporcle when you Go Orange. This ad-free experience offers more features, more stats, and more fun while also helping to support Sporcle. Thank you for becoming a member.

You're not logged in!

Compare scores with friends on all Sporcle quizzes.
OR
Log In

Show Comments

Extras

Top Quizzes Today


Score Distribution

Your Account Isn't Verified!

In order to create a playlist on Sporcle, you need to verify the email address you used during registration. Go to your Sporcle Settings to finish the process.

Report this User

Report this user for behavior that violates our Community Guidelines.

Details: